000 00964nab a22002177a 4500
999 _c6036
_d6036
003 OSt
005 20260116211344.0
008 190605e xxu||||| |||| 00| 0 spa d
040 _cPJ
100 _96830
_aFunes de Rioja, Florencia
245 1 0 _aUn reconocimiento transversal a la autonomía y la competencia judicial para evaluarla. El artículo 15 LCT /
_cFlorencia Funes de Rioja, Lucila Tagliaferro.
260 _aCiudad Autónoma de Buenos Aires :
_bThomson Reuters La Ley,
_c2025.
300 _ap. 5-9
500 _aCita Online: Cita: TR LALEY AR/DOC/1022/2025.
505 _t¿Te interesa el texto completo? Solicitalo al correo: koha@justierradelfuego.gov.ar
650 0 _91316
_aDERECHO LABORAL
650 0 _91328
_aCONCILIACION LABORAL
700 _95122
_aTagliaferro, Lucila
773 0 _02711
_93168
_dCiudad Autónoma de Buenos Aires : Thomson Reuters La Ley, 1999-2002.
_tRevista de derecho del trabajo. Nº 6 - Noviembre 2025
942 _2udc
_cANA